04036cam a22003495a 4500999001700000001000900017005001700026008004100043010001700084020002500101040003600126082001700162100003600179245009000215246003600305250001200341260006100353300004500414500002400459504005100483505106400534520164301598650004503241651001003286653003303296655001403329700003203343856004103375942000803416952012303424952013903547 c26954d269262066502420181105121952.0180816s2019 nyu frb 001 0 eng d a 2018014407 a9781138206991 (pbk.) aLBSOR/DLCbengcLBSORdEG-ScBUE04a337bBAL2221 aBalaam, David N.,d1950-93821410aIntroduction to international political economy /cDavid N. Balaam, Bradford Dillman.30aInternational political economy a7th ed. aNew York ;aOxon :bRoutledge / taylor & Francis,c2019. a1 v. (various pagings) :bill. ;c24 cm. aIncludes glossary. aIncludes bibliographical references and index.0 aPerspectives on international political economy -- What is international political economy? -- Laissez-faire : the economic liberal perspective -- Wealth and power : the mercantilist perspective -- Economic determinism and exploitation : the structuralist perspective -- Constructivism -- Structures of international political economy -- The global production structure -- The international trade structure -- The international finance and monetary structure -- The global security structure -- The international knowledge structure : controlling flows of information and technology -- States and markets in the global economy -- The development challenge -- The fragmentation of the European Union : the crossroads redux -- Moving into position : the rising powers -- The Middle East and North Africa : things fall apart -- Transnational problems and dilemmas -- The illicit global economy : the dark side of globalization -- Energy and the environment : navigating climate change and global disaster -- Global health : refugees and caring for the forgotten. a"In a revolutionary revision of this best-selling text, David Balaam and Bradford Dillman show how the postwar world order is at once under threat and yet resilient. This classic text surveys the theories, institutions, and relationships that characterize IPE and highlights them in the context of a diverse range of regional and transnational issues. Introduction to International Political Economy positions students to critically evaluate the global economy and to appreciate the personal impact of political, economic, and social forces. New to the Seventh Edition - Streamlined yet comprehensive coverage--reducing the text from 20 to 17 chapters, condensing it by 100 pages. There is also one unified chapter on global finance and a single chapter on energy and the environment. - A new chapter on Constructivism shows sociological and ideational forces at work. - A new chapter on Global Production encompasses transnational corporations and labor. - A new chapter on Global Health incorporates food and refugee issues. - Substantial revisions to 10 chapters, including new material on Brexit, the EU debt and refugee crises, populist-nationalist movements, inequality, trade conflicts and negotiations, cyber weapons, the rise of China, Middle East conflicts, and international responses to climate change. - Significant focus throughout on President Trump's impact on U.S. foreign policy, international order, and global security. - Extensive new graphs and tables of data, plus 27 fascinating new text boxes throughout. - An author-written Instructor's Manual and Test Bank are provided along with additional online resources"-- 7aInternational economic relations.2BUEsh 2BUEsh bBUSECObBUSBOLcNovember2018 vText book1 aDillman, Bradford L.940536423For eBook editionuwww.routledge.com 2ddc 00102ddc40708BaccahaMAINbMAINc1STd2018-11-05ePurchaseg550.00l0o337 BALp000043825r2025-07-15 00:00:00yNB 00102ddc40708BaccahaMAINbMAINc1STd2018-11-05ePurchaseg550.00l3m19o337 BALp000043826r2025-07-15 00:00:00s2022-12-17yBB